[Event "2.ligaD04/05-5"]
[Site "?"]
[Date "????.??.??"]
[Round "?"]
[White "Novotny, Bohuslav"]
[Black "Handl, Martin"]
[Result "1/2-1/2"]
[WhiteElo "2033"]
[BlackElo "2023"]
[PlyCount "119"]
[EventDate "2004.12.20"]

{192MB, Fritz8.ctg, V-ZIGO} 1. e4 c5 2. b3 Nc6 3. Bb2 d6 4. f4 Nf6 5. Nc3 e6 6.
Nf3 Be7 7. Be2 O-O 8. O-O a6 9. a4 Bd7 10. d4 cxd4 11. Nxd4 Qb6 12. e5 Qxd4+
13. Qxd4 Nxd4 14. exf6 Bxf6 15. Bd3 Rac8 16. Rac1 Ne2+ 17. Bxe2 Bxc3 18. Bxc3
Rxc3 19. Bd3 Rfc8 20. Rfe1 f6 21. Rcd1 d5 22. Kf1 Re8 23. Re3 Rc7 24. Rde1 Rcc8
25. Kf2 g6 26. g4 Kf7 27. g5 e5 28. fxe5 fxg5 29. Rf3+ Ke7 30. Ke3 Rf8 31. Ref1
Bf5 32. Bxf5 gxf5 33. Rxf5 Rxf5 34. Rxf5 Rxc2 35. Rxg5 Rxh2 36. Rg7+ Ke6 37.
Rxb7 Kxe5 38. Rb6 Rh3+ 39. Kd2 Kd4 40. Rxa6 Rxb3 41. Rh6 Rb2+ 42. Kc1 Rb7 43.
a5 Kc3 44. a6 Rg7 45. Rh3+ Kc4 46. Ra3 Ra7 47. Kd2 h5 48. Rh3 Rxa6 49. Rxh5 d4
50. Rh3 Ra2+ 51. Kd1 Rg2 52. Rf3 Kd5 53. Ra3 Ke4 54. Rh3 Rf2 55. Rg3 Rf3 56.
Rxf3 Kxf3 57. Kd2 Ke4 58. Ke2 d3+ 59. Kd2 Kd4 60. Kd1 1/2-1/2

[Event "2.ligaD04/05-5"]
[Site "?"]
[Date "????.??.??"]
[Round "?"]
[White "Rak, Peter"]
[Black "Vachtfeidl, Petr"]
[Result "1-0"]
[WhiteElo "1940"]
[BlackElo "2106"]
[PlyCount "97"]
[EventDate "2004.12.20"]

{192MB, Fritz8.ctg, V-ZIGO} 1. e4 c5 2. Nc3 Nc6 3. g3 g6 4. Bg2 Bg7 5. d3 d6 6.
Be3 Rb8 7. Qd2 b5 8. Nge2 b4 9. Nd1 e5 10. O-O Nge7 11. Bh6 O-O 12. h4 Be6 13.
Bxg7 Kxg7 14. Ne3 Qd7 15. f4 f5 16. Nd5 Bxd5 17. exd5 Nd4 18. c3 bxc3 19. bxc3
Nb5 20. a4 Nc7 21. c4 Ng8 22. Nc3 Rb4 23. fxe5 dxe5 24. Qe3 Qe7 25. Nb5 Nxb5
26. axb5 Nf6 27. Ra6 Ng4 28. Qe2 Rd8 29. Rfa1 Rd7 30. Bf3 h5 31. Bxg4 hxg4 32.
d6 Qe6 33. Rxa7 e4 34. dxe4 Qxd6 35. Rxd7+ Qxd7 36. Rd1 Qe6 37. e5 Qxc4 38.
Qxc4 Rxc4 39. Rd7+ Kf8 40. b6 Ke8 41. b7 Rb4 42. Rc7 Rb1+ 43. Kf2 Rb2+ 44. Ke3
Rb3+ 45. Kd2 f4 46. Rc8+ Kd7 47. b8=Q Rxb8 48. Rxb8 fxg3 49. Rb3 1-0

[Event "2.ligaD04/05-5"]
[Site "?"]
[Date "????.??.??"]
[Round "?"]
[White "Adam, Petr"]
[Black "Tuma, Jiri"]
[Result "1/2-1/2"]
[WhiteElo "2129"]
[BlackElo "2240"]
[PlyCount "132"]
[EventDate "2004.12.20"]

1. g3 d5 2. Bg2 g6 3. c4 c6 4. Nf3 Bg7 5. O-O d4 6. d3 e5 7. b4 Ne7 8. Bb2 O-O
9. Nbd2 Bg4 10. Re1 Qc8 11. e3 dxe3 12. Rxe3 a5 13. bxa5 Nf5 14. Re1 Nd4 15.
Qc1 Na6 16. Nxd4 exd4 17. Nb3 Rd8 18. Qf4 Qf5 19. Qd2 Bf3 20. Re7 c5 21. Rae1
Bf6 22. Bxf3 Qxf3 23. R7e4 Kg7 24. Bc1 g5 25. Ba3 Rac8 26. Qe2 Qf5 27. f4 g4
28. h3 h5 29. h4 Rc6 30. Qb2 Rdd6 31. Nd2 b6 32. Rb1 bxa5 33. Qb5 Nb4 34. Bxb4
axb4 35. Rxb4 Bxh4 36. gxh4 Qf6 37. Rb3 Qxh4 38. Re2 Qg3+ 39. Rg2 Qe3+ 40. Kh1
Qxf4 41. Ne4 h4 42. Rb1 Rg6 43. Rf2 Qe5 44. Rbf1 g3 45. Rxf7+ Kh6 46. R1f4 Qh5
47. Nf2 gxf2 48. Rxf2 Qd1+ 49. Rf1 Qxd3 50. R7f3 Qc2 51. R1f2 Qc1+ 52. Rf1 Qg5
53. R3f2 Qg3 54. Qb1 Rcf6 55. Rh2 Rxf1+ 56. Qxf1 d3 57. Rh3 Qg4 58. Qf8+ Rg7
59. Qf6+ Kh5 60. Qe5+ Rg5 61. Qh8+ Kg6 62. Qg8+ Kf6 63. Qf8+ Kg6 64. Qg8+ Kf5
65. Qc8+ Kg6 66. Qg8+ Kf5 1/2-1/2

[Event "2.ligaD04/05-5"]
[Site "?"]
[Date "????.??.??"]
[Round "?"]
[White "Senkyr, Vladimir"]
[Black "Kavan, Zdenek"]
[Result "1-0"]
[WhiteElo "2149"]
[BlackElo "2190"]
[PlyCount "61"]
[EventDate "2004.12.20"]

1. Nf3 Nf6 2. g3 g6 3. b3 Bg7 4. Bb2 O-O 5. Bg2 c5 6. O-O Nc6 7. d3 d5 8. Nbd2
Qc7 9. a3 b6 10. c4 Bb7 11. cxd5 Nxd5 12. Bxg7 Kxg7 13. Qc2 Rfd8 14. Rfc1 e5
15. Qb2 f6 16. b4 cxb4 17. axb4 Qe7 18. b5 Na5 19. Nc4 Nxc4 20. Rxc4 a5 21.
bxa6 Bxa6 22. Rca4 Bb7 23. Nd2 Rxa4 24. Rxa4 b5 25. Ra7 b4 26. Qb3 Qf7 27. Nc4
Ra8 28. Nd6 Rxa7 29. Nxf7 Ra1+ 30. Bf1 Nc3 31. e4 1-0

[Event "2.ligaD04/05-5"]
[Site "?"]
[Date "????.??.??"]
[Round "?"]
[White "Dvorak, Libor"]
[Black "Jurek, Miroslav"]
[Result "1-0"]
[WhiteElo "2021"]
[BlackElo "2127"]
[PlyCount "75"]
[EventDate "2004.12.20"]

1. Nf3 Nf6 2. c4 g6 3. g3 Bg7 4. Bg2 O-O 5. O-O c6 6. Nc3 d5 7. cxd5 Nxd5 8. d4
Nd7 9. Nxd5 cxd5 10. Bf4 Nb6 11. Rc1 Bf5 12. Ne5 g5 13. Bd2 Qd6 14. g4 Be6 15.
h3 Rac8 16. f4 f6 17. Nd3 Nc4 18. f5 Bf7 19. b3 Nxd2 20. Qxd2 e6 21. Qb4 Qa6
22. Nc5 Qd6 23. Qxb7 exf5 24. gxf5 Qg3 25. Rf3 Qh4 26. Qb4 Bh5 27. Re3 g4 28.
Qe1 Qg5 29. Rg3 Bh6 30. Rcc3 Qxf5 31. hxg4 Bxg4 32. Bf3 Kh8 33. Bxg4 Qf4 34.
Bxc8 Qxd4+ 35. Qf2 Qd1+ 36. Kg2 Rxc8 37. Rcd3 Qa1 38. Nd7 1-0

[Event "2.ligaD04/05-5"]
[Site "?"]
[Date "????.??.??"]
[Round "?"]
[White "Belousek, Michal"]
[Black "Fojtach, Ivan"]
[Result "1-0"]
[WhiteElo "2146"]
[BlackElo "2045"]
[PlyCount "81"]
[EventDate "2004.12.20"]

1. d4 c5 2. Nf3 cxd4 3. Nxd4 Nf6 4. c4 g6 5. g3 Bg7 6. Bg2 O-O 7. O-O Nc6 8.
Nc3 Nxd4 9. Qxd4 d6 10. Qd2 Rb8 11. b3 a6 12. Rd1 b5 13. cxb5 axb5 14. Bb2 Bb7
15. e4 b4 16. Nd5 Nxd5 17. Bxg7 Kxg7 18. exd5 Qb6 19. Re1 Rbe8 20. Re4 e5 21.
Rxb4 Qa5 22. Rd1 Ba8 23. Rh4 Qxd2 24. Rxd2 f5 25. Rb4 e4 26. Rb6 Rd8 27. Bf1
Rfe8 28. Bb5 Re5 29. Bc6 Bxc6 30. dxc6 Rc5 31. b4 Rc1+ 32. Kg2 d5 33. Rb7+ Kf6
34. b5 d4 35. Rd7 Rb8 36. Rb7 Rd8 37. c7 Rd7 38. c8=Q Rxc8 39. Rxd7 d3 40. b6
Ke6 41. Rxh7 1-0

[Event "2.ligaD04/05-5"]
[Site "?"]
[Date "????.??.??"]
[Round "?"]
[White "Skrenek, Jiri"]
[Black "Jelinek, Vaclav"]
[Result "1-0"]
[WhiteElo "2046"]
[BlackElo "2131"]
[PlyCount "105"]
[EventDate "2004.12.20"]

1. e4 g6 2. d4 Bg7 3. Nf3 d6 4. Bg5 c5 5. c3 cxd4 6. Nxd4 Nc6 7. Nf3 Qa5 8.
Nbd2 Nf6 9. Be2 Bg4 10. Nc4 Qc7 11. h3 Bxf3 12. Bxf3 O-O 13. O-O Rab8 14. Ne3
Ne5 15. Bxf6 exf6 16. Be2 b5 17. Qd5 Qc5 18. Rfd1 Rb6 19. Rac1 Bh6 20. b4 Qxd5
21. Nxd5 Rb7 22. f4 Nd7 23. g3 Kg7 24. Kf2 a5 25. Ne3 axb4 26. cxb4 Ra8 27. Rc2
Ra4 28. Rb2 Ra6 29. Rd5 Rab6 30. Rbd2 f5 31. exf5 Nf6 32. R5d4 g5 33. fxg5 Bxg5
34. h4 Bxe3+ 35. Kxe3 Re7+ 36. Kf4 d5 37. Bf3 Rd6 38. g4 Rc7 39. g5 Ne8 40.
Bxd5 Rc1 41. Bb3 Rf1+ 42. Kg3 Rc6 43. f6+ Kg6 44. Bc2+ Kh5 45. Bd1+ Kg6 46. Rd8
Re6 47. Bf3 h6 48. Re2 Nc7 49. Rg8+ Kh7 50. Rg7+ Kh8 51. Rxf7 Rxe2 52. Bxe2 Rc1
53. Rf8+ 1-0

[Event "2.ligaD04/05-5"]
[Site "?"]
[Date "????.??.??"]
[Round "?"]
[White "Motacek, Vladimir"]
[Black "Nekula, Richard"]
[Result "1/2-1/2"]
[WhiteElo "2061"]
[BlackElo "2089"]
[PlyCount "70"]
[EventDate "2004.12.20"]

1. e4 e5 2. Nf3 Nc6 3. Bb5 a6 4. Ba4 Be7 5. c3 Nf6 6. O-O O-O 7. Re1 b5 8. Bb3
d6 9. h3 Re8 10. d4 h6 11. Nbd2 Bb7 12. Nf1 Bf8 13. Ng3 Na5 14. Bc2 c5 15. d5
Bc8 16. b3 Bd7 17. Be3 g6 18. Nh2 Kh7 19. f4 Ng8 20. f5 Nb7 21. Rf1 Bg7 22. Qd2
a5 23. Bd1 a4 24. b4 Rf8 25. Bg4 Rc8 26. fxg6+ fxg6 27. Rxf8 Bxf8 28. Rf1 Qe7
29. Qf2 Bg7 30. Qf7 Rc7 31. Qxe7 Nxe7 32. bxc5 dxc5 33. d6 Nxd6 34. Bxd7 Rxd7
35. Bxc5 Ndc8 1/2-1/2

[Event "2.ligaD04/05-5"]
[Site "?"]
[Date "????.??.??"]
[Round "?"]
[White "Petlak, Josef"]
[Black "Pochyly, Jan"]
[Result "1-0"]
[WhiteElo "2031"]
[BlackElo "2022"]
[PlyCount "89"]
[EventDate "2004.12.20"]

1. e4 c6 2. d4 d5 3. Nd2 dxe4 4. Nxe4 Bf5 5. Ng3 Bg6 6. h4 h6 7. Nf3 Nd7 8. h5
Bh7 9. Bd3 Bxd3 10. Qxd3 Qc7 11. Bd2 Ngf6 12. O-O-O e6 13. Ne4 Nxe4 14. Qxe4
Nf6 15. Qe1 Bd6 16. g3 O-O-O 17. c4 Qe7 18. Ba5 Bc7 19. Ne5 Bb6 20. c5 Bxa5 21.
Qxa5 Kb8 22. Rd3 Nd7 23. Ra3 Nxe5 24. Qxa7+ Kc8 25. dxe5 Rhe8 26. Rb3 Qc7 27.
f4 Rd5 28. Rd1 Red8 29. Qa8+ Qb8 30. Qxb8+ Kxb8 31. Rxd5 Rxd5 32. Rc3 f6 33.
exf6 gxf6 34. b4 Kc7 35. Re3 Kd7 36. g4 Rd4 37. g5 fxg5 38. fxg5 Rd5 39. Rg3
hxg5 40. h6 Ke7 41. h7 Rd8 42. Rxg5 Kf7 43. Kc2 Rh8 44. Rh5 Kg7 45. a4 1-0

[Event "2.ligaD04/05-5"]
[Site "?"]
[Date "????.??.??"]
[Round "?"]
[White "Strnad, Josef"]
[Black "Jelen, Jiri"]
[Result "1-0"]
[WhiteElo "2065"]
[BlackElo "1957"]
[PlyCount "63"]
[EventDate "2004.12.20"]

1. Nf3 Nf6 2. c4 c5 3. g3 g6 4. Bg2 Bg7 5. O-O O-O 6. Nc3 Nc6 7. e3 d5 8. cxd5
Nxd5 9. Nxd5 Qxd5 10. Nd4 Qd6 11. Nxc6 bxc6 12. Qa4 Bd7 13. Rd1 Rab8 14. Qc2
Be6 15. d4 Rfd8 16. b3 cxd4 17. exd4 Bf5 18. Be4 Bxe4 19. Qxe4 e5 20. Bg5 f6
21. Be3 Rb4 22. Qc2 exd4 23. a3 d3 24. Qc3 Rb7 25. Ra2 Qd5 26. Qc4 Rxb3 27.
Qxd5+ Rxd5 28. Bxa7 Ra5 29. Be3 Rbxa3 30. Rad2 Rd5 31. Rc1 Rd6 32. Bc5 1-0

[Event "2.ligaD04/05-5"]
[Site "?"]
[Date "2004.??.??"]
[Round "?"]
[White "Mlynek, Petr"]
[Black "Riska, Lubomir"]
[Result "0-1"]
[WhiteElo "2216"]
[BlackElo "2207"]
[PlyCount "40"]
[EventDate "2004.12.20"]

1. d4 Nf6 2. c4 c5 3. Nf3 cxd4 4. Nxd4 e6 5. g3 d5 6. Bg2 e5 7. Nf3 d4 8. O-O
Nc6 9. e3 Bc5 10. exd4 exd4 11. Re1+ Be6 12. Ng5 O-O 13. Nxe6 fxe6 14. Rxe6 Qd7
15. Bh3 Rae8 16. Rxe8 Qxe8 17. Nd2 d3 18. Nb3 Bxf2+ 19. Kxf2 Ng4+ 20. Kg2 Nf2
0-1

[Event "2.ligaD04/05-5"]
[Site "?"]
[Date "2004.??.??"]
[Round "?"]
[White "Vlk, Miroslav"]
[Black "Donnert, Milan"]
[Result "1/2-1/2"]
[WhiteElo "2115"]
[BlackElo "2196"]
[PlyCount "89"]
[EventDate "2004.12.20"]

1. d4 Nf6 2. c4 e6 3. Nf3 b6 4. Nc3 Bb7 5. Bg5 Bb4 6. e3 O-O 7. Be2 d6 8. Qb3
Bxc3+ 9. Qxc3 Nbd7 10. Rc1 c5 11. dxc5 dxc5 12. O-O Ne4 13. Bxd8 Nxc3 14. Rxc3
Raxd8 15. Rd1 Bxf3 16. gxf3 Ne5 17. Rcc1 g5 18. Kg2 f6 19. b3 Kf7 20. Kg3 Rg8
21. Rxd8 Rxd8 22. Rd1 Rxd1 23. Bxd1 Ng6 24. Kg4 h6 25. Bc2 f5+ 26. Kg3 Kf6 27.
Bd1 f4+ 28. Kg4 Kg7 29. Be2 Ne5+ 30. Kh5 Nd7 31. Kg4 Nf6+ 32. Kh3 e5 33. Bd3 h5
34. Bf5 Ne8 35. Kg2 Kf6 36. Bd3 Nd6 37. h3 e4 38. fxe4 fxe3 39. fxe3 Ke5 40.
Kf3 Ne8 41. Bc2 Nf6 42. Kg3 Nxe4+ 43. Kf3 Nd2+ 44. Kg3 Ne4+ 45. Kf3 1/2-1/2

[Event "2.ligaD04/05-5"]
[Site "?"]
[Date "2004.??.??"]
[Round "?"]
[White "Svihel, Karel"]
[Black "Dobes, Oldrich"]
[Result "1/2-1/2"]
[WhiteElo "2166"]
[BlackElo "2066"]
[PlyCount "47"]
[EventDate "2004.12.20"]

1. e4 c5 2. Nf3 d6 3. d4 cxd4 4. Nxd4 Nf6 5. Nc3 a6 6. Bg5 e6 7. f4 Be7 8. Qf3
Qc7 9. O-O-O Nc6 10. Nxc6 Qxc6 11. Bd3 O-O 12. Qh3 e5 13. f5 Nd5 14. Nxd5 Bxg5+
15. Kb1 Bd8 16. g4 f6 17. Qg2 b5 18. h4 Bb7 19. g5 Ra7 20. Rdg1 Qd7 21. gxf6
Bxf6 22. Ne3 Bc6 23. Ng4 Kh8 24. Ne3 1/2-1/2

[Event "2.ligaD04/05-5"]
[Site "?"]
[Date "2004.??.??"]
[Round "?"]
[White "Docekal, Jan"]
[Black "Zavadil, Michal"]
[Result "1-0"]
[WhiteElo "2120"]
[BlackElo "2083"]
[PlyCount "51"]
[EventDate "2004.12.20"]

1. e4 e5 2. Nc3 Nf6 3. Bc4 Nc6 4. d3 h6 5. f4 d6 6. Nf3 exf4 7. Bxf4 Bg4 8. O-O
g5 9. Bg3 Bg7 10. Qd2 Bxf3 11. Rxf3 Nd4 12. Rff1 c6 13. Qf2 Ne6 14. e5 dxe5 15.
Bxe5 Nf4 16. Bxf4 gxf4 17. Rae1+ Kf8 18. Qc5+ Kg8 19. Rxf4 Qc7 20. Qf2 Nd5 21.
Nxd5 cxd5 22. Bxd5 Rf8 23. Rf1 Bxb2 24. Bxf7+ Kh7 25. Rb4 Kg7 26. Rg4+ 1-0

[Event "2.ligaD04/05-5"]
[Site "?"]
[Date "2004.??.??"]
[Round "?"]
[White "Komarek, David"]
[Black "Mlensky, Dalibor"]
[Result "1/2-1/2"]
[WhiteElo "2147"]
[BlackElo "2063"]
[PlyCount "88"]
[EventDate "2004.12.20"]

1. d4 d5 2. Nf3 Nf6 3. Bf4 Bf5 4. e3 e6 5. Bd3 Bg4 6. O-O Bd6 7. h3 Bxf3 8.
Qxf3 Bxf4 9. exf4 Nc6 10. c3 Ne7 11. Nd2 Qd6 12. Rae1 O-O 13. Re2 Rab8 14. Rfe1
b5 15. b4 a5 16. a3 axb4 17. axb4 c6 18. Nf1 Ra8 19. Ng3 Ng6 20. f5 Nf4 21. Re5
Nxd3 22. Qxd3 Rfe8 23. fxe6 Rxe6 24. Nf5 Qd7 25. Qg3 Nh5 26. Qf3 Rxe5 27. Rxe5
g6 28. g4 Ra1+ 29. Kg2 gxf5 30. gxh5 f6 31. Qg3+ Kf7 32. Re3 Ra8 33. Qf4 Rg8+
34. Rg3 Rxg3+ 35. Kxg3 Ke6 36. Qe3+ Kd6 37. Qf4+ Ke6 38. Qh6 Qc7+ 39. Kg2 Qe7
40. Qe3+ Kf7 41. Qxe7+ Kxe7 42. Kf3 Kf7 43. Kf4 Ke6 44. f3 Kf7 1/2-1/2

[Event "2.ligaD04/05-5"]
[Site "?"]
[Date "2004.??.??"]
[Round "?"]
[White "Fojtik, Tomas"]
[Black "Lamser, Miroslav"]
[Result "1-0"]
[WhiteElo "2054"]
[BlackElo "2066"]
[PlyCount "74"]
[EventDate "2004.12.20"]

1. d4 Nf6 2. c4 c5 3. d5 e6 4. Nc3 exd5 5. cxd5 d6 6. e4 g6 7. Nf3 Bg7 8. Be2
O-O 9. Bg5 a6 10. a4 Bg4 11. Nd2 Bxe2 12. Qxe2 Re8 13. O-O Nbd7 14. f4 Qc7 15.
Qf3 c4 16. Kh1 Rab8 17. a5 b5 18. axb6 Rxb6 19. Na4 Rb4 20. Rfc1 Nc5 21. Nxc5
Qxc5 22. Rxa6 Rxb2 23. Bxf6 Bxf6 24. Rc6 Qd4 25. Nxc4 Rf2 26. Qd1 Qxe4 27. Qg1
Qxf4 28. Nxd6 Ree2 29. Rc8+ Kg7 30. Ne8+ Kh6 31. Nxf6 Qxf6 32. R8c3 Qg5 33. d6
Rxg2 34. Rh3+ Kg7 35. Qd4+ Re5 36. Re1 f6 37. Qa7+ Kf8 1-0

[Event "2.ligaD04/05-5"]
[Site "?"]
[Date "????.??.??"]
[Round "?"]
[White "Spodny, Josef"]
[Black "Vyskocil, Neklan"]
[Result "1/2-1/2"]
[WhiteElo "2039"]
[BlackElo "2308"]
[PlyCount "40"]
[EventDate "2004.12.20"]

1. d4 Nf6 2. Nf3 e6 3. Bg5 b6 4. e4 h6 5. Bxf6 Qxf6 6. Bd3 Bb7 7. O-O c5 8. c3
cxd4 9. cxd4 Nc6 10. e5 Qf4 11. Qd2 Qxd2 12. Nbxd2 Bb4 13. Ne4 O-O 14. a3 Be7
15. Rac1 Rac8 16. Rc3 Nb8 17. Rfc1 Rc6 18. Kf1 Rfc8 19. Ke2 Kf8 20. Ke3 Rxc3
1/2-1/2

[Event "2.ligaD04/05-5"]
[Site "?"]
[Date "????.??.??"]
[Round "?"]
[White "Lacko, Jan"]
[Black "Mares, Jaroslav"]
[Result "1/2-1/2"]
[WhiteElo "2211"]
[BlackElo "2089"]
[PlyCount "45"]
[EventDate "2004.12.20"]

1. c4 c5 2. Nc3 Nc6 3. g3 g6 4. Bg2 Bg7 5. Nf3 a6 6. a3 Rb8 7. Rb1 b5 8. cxb5
axb5 9. b4 cxb4 10. axb4 e5 11. d3 Nge7 12. O-O O-O 13. e4 d6 14. Be3 Nd4 15.
Ne2 Nxf3+ 16. Bxf3 Be6 17. Ra1 Nc6 18. Qd2 Qd7 19. Ra6 Ra8 20. Rfa1 Qb7 21.
Rxa8 Rxa8 22. Rxa8+ Qxa8 23. Nc3 1/2-1/2

[Event "2.ligaD04/05-5"]
[Site "?"]
[Date "????.??.??"]
[Round "?"]
[White "Cap, Martin"]
[Black "Cerveny, Martin"]
[Result "0-1"]
[WhiteElo "2059"]
[BlackElo "2138"]
[PlyCount "80"]
[EventDate "2004.12.20"]

1. Nf3 Nf6 2. g3 g6 3. Bg2 Bg7 4. O-O O-O 5. d3 d6 6. e4 c5 7. c4 Nc6 8. Nc3 a6
9. h3 Rb8 10. a4 Ne8 11. Bd2 Nc7 12. Rb1 b5 13. b3 Bd7 14. axb5 axb5 15. Qe2 b4
16. Nd5 Ne6 17. Be3 Ra8 18. Qd2 Re8 19. Bh6 Bh8 20. Ng5 Ned4 21. Nf3 Bxh3 22.
Nxd4 Nxd4 23. Be3 Bxg2 24. Kxg2 Ra3 25. Bxd4 Bxd4 26. Qh6 Bg7 27. Qh3 Ra2 28.
Rh1 h6 29. Nf4 e6 30. Qg4 Qf6 31. Rhf1 Rea8 32. Qf3 R8a3 33. Qd1 Qc3 34. Ne2
Qd2 35. Kf3 Bd4 36. Nxd4 cxd4 37. Kg2 Rc2 38. Ra1 Rxb3 39. Ra8+ Kg7 40. Qa1
Qxd3 0-1

[Event "2.ligaD04/05-5"]
[Site "?"]
[Date "????.??.??"]
[Round "?"]
[White "Mudra, Tomas"]
[Black "Novy, Martin"]
[Result "1/2-1/2"]
[WhiteElo "2094"]
[BlackElo "2152"]
[PlyCount "54"]
[EventDate "2004.12.20"]

1. c4 e6 2. Nf3 Nf6 3. g3 c5 4. Bg2 Nc6 5. Nc3 a6 6. d4 cxd4 7. Nxd4 Qc7 8. O-O
Be7 9. Nxc6 dxc6 10. Qa4 O-O 11. b4 e5 12. b5 Bd7 13. bxc6 Bxc6 14. Bxc6 bxc6
15. Rb1 Nd7 16. Be3 f5 17. c5 f4 18. gxf4 exf4 19. Bd4 f3 20. exf3 Rxf3 21.
Qb3+ Kf8 22. Nd5 Rxb3 23. Nxc7 Rxb1 24. Rxb1 Ra7 25. Ne6+ Kf7 26. Nxg7 Bxc5 27.
Bxc5 Nxc5 1/2-1/2

[Event "2.ligaD04/05-5"]
[Site "?"]
[Date "????.??.??"]
[Round "?"]
[White "Binder, Jaroslav"]
[Black "Tomes, Zdenek"]
[Result "0-1"]
[WhiteElo "1987"]
[BlackElo "2087"]
[PlyCount "88"]
[EventDate "2004.12.20"]

1. e4 c5 2. Ne2 d6 3. g3 g6 4. Bg2 Bg7 5. O-O Nf6 6. Nbc3 O-O 7. d3 Nc6 8. h3
Rb8 9. Be3 b5 10. Qd2 b4 11. Nd1 a5 12. f4 Qc7 13. Kh2 a4 14. Rb1 Be6 15. b3
axb3 16. axb3 Ra8 17. d4 cxd4 18. Nxd4 Nxd4 19. Bxd4 Ra2 20. Ne3 Qa5 21. Ra1
Rxa1 22. Rxa1 Qb5 23. Ra7 Re8 24. Ra4 Rb8 25. Ba7 Rc8 26. Rxb4 Qa5 27. Bd4 h5
28. c3 Nd7 29. Bxg7 Kxg7 30. Nd5 Bxd5 31. exd5 Nf6 32. f5 Rc5 33. fxg6 fxg6 34.
Rb7 Qd8 35. c4 Nd7 36. Qg5 Ra5 37. h4 Ra2 38. Kh3 Re2 39. Bf1 Re5 40. Qf4 Nf6
41. Ra7 Qb6 42. Ra2 Rf5 43. Qc1 Qg1 44. Ra1 Qh1# 0-1

[Event "2.ligaD04/05-5"]
[Site "?"]
[Date "????.??.??"]
[Round "?"]
[White "Tomes, Pavel"]
[Black "Sedlacek, Petr"]
[Result "1/2-1/2"]
[WhiteElo "2064"]
[BlackElo "1987"]
[PlyCount "84"]
[EventDate "2004.12.20"]

1. e4 e5 2. Nf3 Nc6 3. d4 exd4 4. Nxd4 d6 5. Nc3 Nf6 6. Be2 Be7 7. O-O O-O 8.
Be3 Re8 9. f4 Bf8 10. Nxc6 bxc6 11. Bf3 Bb7 12. Qd3 a5 13. Rfe1 g6 14. Rad1 Bg7
15. Qc4 Nd7 16. e5 d5 17. Qe2 f6 18. exf6 Qxf6 19. Qf2 Kh8 20. Na4 Ba6 21. Bg4
Nf8 22. c3 Bc8 23. Bd4 Qf7 24. Rxe8 Qxe8 25. Bxg7+ Kxg7 26. Re1 Qf7 27. Qd4+
Kg8 28. Bxc8 Rxc8 29. Nc5 Nd7 30. Nxd7 Qxd7 31. Qe5 Rd8 32. Kf2 Kf7 33. Re2 Qd6
34. g4 Rb8 35. b3 Qxe5 36. Rxe5 a4 37. b4 d4 38. cxd4 Rxb4 39. Re2 Rxd4 40. Ke3
Rc4 41. Rd2 Ke7 42. Rd4 Rc3+ 1/2-1/2

[Event "2.ligaD04/05-5"]
[Site "?"]
[Date "????.??.??"]
[Round "?"]
[White "Krejci, Petr"]
[Black "Fuchs, Ludek"]
[Result "1/2-1/2"]
[WhiteElo "2185"]
[BlackElo "1968"]
[PlyCount "81"]
[EventDate "2004.12.20"]

1. d4 Nf6 2. c4 g6 3. Nc3 Bg7 4. e4 d6 5. Be2 O-O 6. Be3 Nbd7 7. Qd2 c5 8. d5
Re8 9. Bh6 Bh8 10. h4 Ne5 11. h5 e6 12. hxg6 fxg6 13. f3 exd5 14. cxd5 a6 15.
a4 Qa5 16. Ra3 Nh5 17. Kf2 Qb4 18. g4 Nf6 19. Rh4 Nexg4+ 20. fxg4 Rxe4 21. Kg2
Rd4 22. Qe3 Bxg4 23. Bxg4 Rxg4+ 24. Rxg4 Qxg4+ 25. Qg3 Qh5 26. Qg5 Re8 27. Nf3
Qxg5+ 28. Bxg5 Ne4 29. Bf4 Nxc3 30. bxc3 Re2+ 31. Kf1 Rc2 32. Bxd6 Bxc3 33.
Bxc5 Bb2 34. Ra2 Rxc5 35. Rxb2 Rxd5 36. Rxb7 Rf5 37. Kg2 Rf4 38. Kg3 Rxa4 39.
Ne5 Re4 40. Ng4 Rc4 41. Nf6+ 1/2-1/2

[Event "2.ligaD04/05-6"]
[Site "?"]
[Date "2005.01.16"]
[Round "6"]
[White "Nehybka, Jiri"]
[Black "Uhmann, Jan"]
[Result "1-0"]
[WhiteElo "2190"]
[BlackElo "2233"]
[PlyCount "45"]
[EventDate "2005.??.??"]

1. e4 e5 2. Nf3 Nc6 3. Nc3 Nf6 4. d4 exd4 5. Nxd4 Bb4 6. Nxc6 bxc6 7. Bd3 O-O
8. O-O d5 9. exd5 cxd5 10. Bg5 Bxc3 11. bxc3 Qd6 12. Bxf6 Qxf6 13. Qh5 g6 14.
Qxd5 Rb8 15. Qd4 Qb6 16. h4 c5 17. Qf4 Be6 18. h5 Bd5 19. Rab1 Qd8 20. Rbd1 Qb6
21. h6 Bxa2 22. Ra1 Bd5 23. Qe5 {(1.02-0.50)} 1-0

[Event "2.ligaD04/05-6"]
[Site "?"]
[Date "2005.01.16"]
[Round "6"]
[White "Svehla, Karel"]
[Black "Skacelik, Petr"]
[Result "1-0"]
[WhiteElo "2151"]
[BlackElo "2250"]
[PlyCount "76"]
[EventDate "2005.??.??"]

1. d4 Nf6 2. c4 g6 3. Nc3 Bg7 4. e4 d6 5. Be2 O-O 6. Be3 e5 7. d5 a5 8. h4 Na6
9. h5 Nc5 10. hxg6 fxg6 11. Bf3 Bd7 12. Qd2 c6 13. O-O-O cxd5 14. cxd5 Rc8 15.
Kb1 b5 16. Bh6 Qe7 17. Bg5 Qf7 18. Rh4 b4 19. Nce2 Rc7 20. Ng3 Rfc8 21. N1e2
Bb5 22. Nc1 Na4 23. Rdh1 Nb6 24. Be2 Bxe2 25. Qxe2 Qe8 26. Qf3 Rf7 27. Qd3 Nc4
28. Nge2 Qb5 29. Ka1 Qb7 30. Qh3 Bh8 31. Rh6 Bg7 32. Rxh7 Nxh7 33. Qxh7+ Kf8
34. Qxg6 Rxf2 35. Rh7 Qf7 36. Rxg7 Qxg6 37. Rxg6 Kf7 38. Bh4 Kxg6 {
(Time! 1.34-2.00)} 1-0

[Event "2.ligaD04/05-6"]
[Site "?"]
[Date "2005.01.16"]
[Round "6"]
[White "Cagasik, Tomas"]
[Black "Bakos, Eduard"]
[Result "1-0"]
[WhiteElo "2254"]
[BlackElo "2119"]
[PlyCount "77"]
[EventDate "2005.??.??"]

1. e4 c5 2. Nc3 Nc6 3. Bb5 Nf6 4. Bxc6 dxc6 5. d3 g6 6. Nge2 Bg7 7. O-O O-O 8.
f4 Ng4 9. Qe1 Bd4+ 10. Nxd4 cxd4 11. Ne2 f5 12. h3 Nf6 13. exf5 Bxf5 14. Qb4 c5
15. Qxc5 Rc8 16. Qb4 a5 17. Qd2 Qb6 18. Rf2 Rfd8 19. b3 Nd5 20. Ba3 Rc7 21. Rc1
Rdc8 22. Bb2 Nc3 23. Bxc3 dxc3 24. Qe1 Rc6 25. Kh2 Qc7 26. Nd4 Rf6 27. Qe5 Qxe5
28. fxe5 Rff8 29. Rcf1 Bd7 30. e6 Bc6 31. Nxc6 bxc6 32. Rf7 Rxf7 33. Rxf7 Rc7
34. a4 c5 35. Kg3 Rc6 36. Rxe7 Kf8 37. Rf7+ Kg8 38. Rf4 Rxe6 39. Rc4 {
(1.58-1.42)} 1-0

[Event "2.ligaD04/05-6"]
[Site "?"]
[Date "2005.01.16"]
[Round "6"]
[White "Cip, Dalibor"]
[Black "Moulis, Mojmir"]
[Result "1-0"]
[WhiteElo "2210"]
[BlackElo "2106"]
[PlyCount "69"]
[EventDate "2005.??.??"]

1. Nf3 d5 2. c4 c6 3. d4 Nf6 4. cxd5 cxd5 5. Nc3 Nc6 6. Bf4 e6 7. e3 Be7 8. Bd3
O-O 9. Rc1 Bd7 10. Ne5 Nxe5 11. dxe5 Ne4 12. Bxe4 dxe4 13. O-O Bc6 14. Qg4 Kh8
15. Bg3 Qb6 16. Rc2 Qb4 17. Rfc1 Bd8 18. a3 Qc4 19. h3 Bb6 20. Bh4 Qc5 21. Bg3
Qc4 22. Qf4 Rad8 23. Bh4 Rd7 24. Qg4 Bc7 {(R)} 25. Bg3 Bb6 26. Nb1 Qb5 27. Nd2
Qd3 28. Nc4 Qb3 29. Rc3 Qb5 30. b4 a5 31. Nd6 Qa4 32. Rb1 Bc7 33. Nxe4 axb4 34.
Rxb4 Qa6 35. Nc5 {(Time! 1.56-2.00)} 1-0

[Event "2.ligaD04/05-6"]
[Site "?"]
[Date "2005.01.16"]
[Round "6"]
[White "Kucera, Vladislav"]
[Black "Masak, Pavel"]
[Result "1/2-1/2"]
[WhiteElo "2053"]
[BlackElo "2055"]
[PlyCount "59"]
[EventDate "2005.??.??"]

1. e4 c5 2. Nf3 Nc6 3. Bb5 Qc7 4. O-O e6 5. d4 cxd4 6. Nxd4 Nf6 7. Re1 Bd6 8.
h3 O-O 9. Bf1 a6 10. c4 Rd8 11. Nc3 Nxd4 12. Qxd4 Be5 13. Qe3 b6 14. Bd2 Bb7
15. Bd3 Rab8 16. Rac1 Bc6 17. b4 Bxc3 18. Bxc3 e5 19. b5 Bb7 20. a4 a5 21. Bb2
d6 22. Ba3 Nd7 23. Rc3 Nc5 24. Bc2 Qe7 25. f4 f6 26. f5 Rbc8 27. Kh2 Rc7 28. g4
Kh8 29. Bc1 Rdc8 30. Qe2 {(R. 1.45-1.45)} 1/2-1/2